000 00796 a2200253 4500
005 20251223154739.0
008 251223b |||||||| |||| 00| 0 eng d
020 _a9781781681503 (pbk)
037 _cTB
040 _aAL
_cAL
041 _2eng
_aeng
084 _aW6:(R) P5
_qAL
100 _aRanciere, Jacques
_9821920
245 _aHatred of democracy
260 _aLondon, UK;
_aNew York, USA:
_bVerso,
_c2015.
300 _a106p.
365 _b10.99
_cUKP
650 _aDemocracy
_9859094
650 _aPhilosophy
_9859095
650 _aPolitical Science
_9859096
700 _aCorcoran, Steve
_etranslator.
_9859097
942 _cTB
_2CC
_n0
_hW6:(R) P5
999 _c1435757
_d1435757